000 00593nam a22001817a 4500
999 _c61456
_d61456
005 20240315120730.0
008 240315s1960 ru ||||| |||| 00| 0 rus d
041 _arus
080 _a745+687 Ш- 95
100 _aШуринова, Р.
_921437
245 _aКоптские ткани /
_cР. Шуринова.
264 _aМосква,
_c1960.
300 _a20 c.:
_bил.;
_c17 см.
653 _aᲮელოვნება
653 _aხელოვნების ისტორია
653 _aპლასტიკური ხელოვნება
942 _2udc
_cBK